Krajina před bouří /

Main Author: Jirousová, Věra, 1944-2011
Language: Czech
Published: Praha : Nakladatelství Lidové noviny, 1998
Edition: Vyd. 1.
Series: Mormolyce
Online Access: Digitalizovaný dokument
Physical Description: 116 s. ; 20 cm
Book
Saved in:
LEADER 01061nam a2200313 a 4500
001 000288423
003 CZ BrMZK
005 20210218144903.0
007 ta
008 980115s1998 xr g m cze d
015 |a cnb000306120 
020 |a 80-7106-181-6 
035 |a (OCoLC)39317318 
040 |a BOA001  |b cze 
072 7 |a 821.162.3-3  |x Česká próza  |2 Konspekt  |9 25 
080 |a 821.162.3-3  |2 MRF 
080 |a (0:82-3)  |2 MRF 
100 1 |a Jirousová, Věra,  |d 1944-2011  |7 jn19990218035  |4 aut 
245 1 0 |a Krajina před bouří /  |c Věra Jirousová 
250 |a Vyd. 1. 
260 |a Praha :  |b Nakladatelství Lidové noviny,  |c 1998 
300 |a 116 s. ;  |c 20 cm 
490 1 |a Mormolyce ;  |v sv. 8 
655 7 |a české prózy  |7 fd133972  |2 czenas 
830 0 |a Mormolyce  |0 s 
856 4 1 |u http://www.digitalniknihovna.cz/mzk/uuid/uuid:a170b300-2517-11e3-a5bb-005056827e52  |y Digitalizovaný dokument  |x NDK 
910 |a BOA001  |b 2-1043.190 
990 |a BK 
996 6 |b 2610067831  |c 2-1043.190  |l MZK  |r Sklad / do 1 hodiny  |n 10  |p p.v.  |w 000288423  |u 000010  |a 1  |e BOA001  |j MZK50  |s P